|
|
|
|
| LEADER |
00000nam a22000007ic4500 |
| 001 |
IT\ICCU\UBO\0183767 |
| 003 |
ItRI |
| 005 |
20250215195901.0 |
| 008 |
920828s1978 it |||||| ||||| |||||c |
| 040 |
|
|
|b ita
|c ARCIGAY RIMINI
|
| 041 |
|
7 |
|a ita
|2 ISO-639-2
|
| 245 |
0 |
0 |
|a Ulisse.
|c James Joyce.
|
| 260 |
|
|
|a Milano :
|b A. Mondadori,
|c 1978
|
| 300 |
|
|
|a 1048 p. ;
|c 19 cm.
|
| 773 |
0 |
|
|w IT\ICCU\UBO\0183762
|t Ulisse
|g 1
|a Joyce, James
|0 IT\ICCU\CFIV\006780
|
| 942 |
|
|
|2 ddc
|c BK
|
| 952 |
|
|
|0 0
|1 0
|2 ddc
|4 0
|6 823_912000000000000_JOY_ULI
|7 1
|9 3171
|a RN
|b RN
|d 2025-02-15
|l 0
|o 823.912 JOY ULI
|p 10436
|r 2025-02-15 19:59:39
|w 2025-02-15
|x Donazione di Giovanni Rimondini
|y BK
|z Donazione di Giovanni Rimondini
|
| 981 |
|
1 |
|6 z01
|a i
|b xxxe
|
| 982 |
|
1 |
|6 z01
|a n
|
| 999 |
|
|
|c 2552
|d 2552
|